000 00381 a2200169 4500
001 172918
020 _a85-08-01561-5
040 _cMagnum
100 _aCoelho, Ronaldo Simões
240 1 0 _aVerde-gaio: o papagaio verde
_lpor
245 1 0 _aVerde-gaio: o papagaio verde
300 _a24
362 0 _a1993
440 1 _aÁtica
697 _aLITERATURA INFANTO
942 _cBK
999 _c172918
_d172918